A gyermekkori traumák hatása a mentális egészségre és a fejlődési folyamatokra

Bibliographic Details
Main Author: Kovács Noémi
Other Authors: Hübner Andrea Gabriella
Format: Thesis
Kulcsszavak:fejlődés
gyermekkor
kötődés
pszichológia
trauma
Online Access:http://dolgozattar.uni-bge.hu/59742

MARC

LEADER 00000nta a2200000 i 4500
001 dolg59742
005 20260409145513.0
008 260409suuuu hu om 000 hun d
040 |a BGE Dolgozattár Repozitórium  |b hun 
041 |a hu 
100 1 |a Kovács Noémi 
245 1 2 |a A gyermekkori traumák hatása a mentális egészségre és a fejlődési folyamatokra  |c Kovács Noémi  |h [elektronikus dokumentum] 
520 3 |a Napjainkban egyre több figyelmet kap a mentális egészség, illetve magának a jóllétnek a fontos szerepe, melyek elengedhetetlenek az egészséges, rendszerezett élet kialakításához. A szellemi, lelki és fizikai egészségünk fenntartásának egyik alappilére gyermekkorunkban rejlik. A kutatásommal rálátást nyújtok arra, hogy a gyermekkorban megjelenő traumák, milyen jelentős hatással vannak az egyén későbbi életére, beleértve az érzelmi szociális fejlődést, illetve a mentális egészségre gyakorolt hatását. A traumák mielőbbi felismerése és kezelése elengedhetetlen az egészséges fejlődés biztosításában. 
695 |a fejlődés 
695 |a gyermekkor 
695 |a kötődés 
695 |a pszichológia 
695 |a trauma 
700 1 |a Hübner Andrea Gabriella  |e ths 
856 4 0 |u http://dolgozattar.uni-bge.hu/59742/1/Szakdolgozat_Kov%C3%A1cs_No%C3%A9mi_.pdf  |z Dokumentum-elérés 
856 4 0 |u http://dolgozattar.uni-bge.hu/59742/2/Kov%C3%A1cs%20No%C3%A9mi.pdf  |z Dokumentum-elérés 
856 4 0 |u http://dolgozattar.uni-bge.hu/59742/3/Kov%C3%A1cs%20No%C3%A9mi_b%C3%ADr%C3%A1lat.pdf  |z Dokumentum-elérés